Which One Doesn't Belong? (Movie Roles) - Statistics

General Stats
  • This quiz has been taken 152 times
  • The average score is 10 of 15
Answer Stats
Question Answer % Correct
George Clooney Captain Jack Sparrow
100%
Gene Wilder Edward Scissorhands
100%
Meryl Streep Erin Brockovich
100%
Dustin Hoffman Forrest Gump
100%
Sean Connery Inigo Montoya
100%
Robert De Niro Jack Torrance
100%
Harrison Ford Luke Skywalker
67%
Peter Sellers Otis B. Driftwood
67%
Marlon Brando Rick Blaine
67%
Morgan Freeman Roger Murtaugh
67%
Will Ferrell Austin Powers
33%
Reese Witherspoon Gracie Hart
33%
Renee Zellweger Rose DeWitt
33%
Susan Sarandon Aurora Greenway
0%
Groucho Marx Humbert Humbert
0%
No matching quizzes found
Score Distribution
Percent of People with Each Score
Percentile by Number Answered
Your Score History
You have not taken this quiz